[Event "Regionalliga SW 1617 (Women)"]
[Site "Germany"]
[Date "2017.03.26"]
[Round "5.2"]
[White "Gravite, Julija"]
[Black "Weiten, Anna"]
[Result "1-0"]
[WhiteElo "1823"]
[BlackElo "1474"]
[PlyCount "61"]
[EventDate "2016.10.23"]
[EventType "team-tourn"]
[EventRounds "5"]
[EventCountry "GER"]
[SourceTitle "EXT 2018"]
[Source "ChessBase"]
[SourceDate "2017.10.13"]
[SourceVersion "1"]
[SourceVersionDate "2017.10.13"]
[SourceQuality "1"]
[WhiteTeam "Aachen DJK (W)"]
[BlackTeam "Riegelsberg (W)"]
[WhiteTeamCountry "GER"]
[BlackTeamCountry "GER"]

1. e4 e5 2. Nf3 Nc6 3. Bb5 Nd4 4. Nxd4 exd4 5. c3 Bc5 6. 0-0 Nf6 7. d3 c6 8. Ba4 d5 9. exd5 Nxd5 10. c4 Nf6 11. h3 0-0 12. Bg5 Qd6 13. a3 a5 14. Nd2 Re8 15. Qf3 Nd7 16. Rfe1 Rf8 17. Ne4 Qg6 18. Bf4 h6 19. Bc2 b5 20. Rac1 Ba6 21. Bb3 Bb6 22. Bd6 Rfe8 23. c5 Bd8 24. Ng3 Bg5 25. Rcd1 Rac8 26. Rxe8+ Rxe8 27. Qxc6 Rd8 28. Ne4 Nb8 29. Qb6 a4 30. Ba2 Nd7 31. Qxa6 1-0

[Event "GER-ch U16 Girls"]
[Site "Willingen"]
[Date "2016.05.15"]
[Round "1"]
[White "Halas, Julia"]
[Black "Weiten, Anna"]
[Result "1-0"]
[WhiteElo "1777"]
[BlackElo "1415"]
[PlyCount "105"]
[EventDate "2016.05.15"]
[EventType "swiss"]
[EventRounds "9"]
[EventCountry "GER"]
[SourceTitle "CBM 172 Extra"]
[Source "ChessBase"]
[SourceDate "2016.06.21"]
[SourceVersion "1"]
[SourceVersionDate "2016.06.21"]
[SourceQuality "1"]

1. d4 d5 2. c4 e6 3. Nc3 Nf6 4. Bg5 Be7 5. e3 0-0 6. Qc2 c5 7. Nf3 Nc6 8. Rd1 b6 9. cxd5 Nxd5 10. Bxe7 Ncxe7 11. dxc5 bxc5 12. Nxd5 Nxd5 13. Qxc5 Qb6 14. Qxb6 Nxb6 15. Be2 Bb7 16. 0-0 Rac8 17. Rd2 h6 18. h3 Na4 19. Nd4 Rfd8 20. Rfd1 a6 21. f4 Nc5 22. Rc2 Ne4 23. Rdc1 Rxc2 24. Rxc2 Rd7 25. g4 a5 26. Bb5 Re7 27. Nb3 Bd5 28. Rc8+ Kh7 29. Nxa5 Bxa2 30. Bd3 Bd5 31. Rb8 Ra7 32. b4 g6 33. Bc2 Nd6 34. Rb6 Ne4 35. Nc6 Bxc6 36. Rxc6 Nf6 37. e4 Nd7 38. Kf2 Rb7 39. Rc4 Kg7 40. Ke3 Kf8 41. Kd2 Ke7 42. Kc3 Rb8 43. Rc7 Kd6 44. Ra7 g5 45. e5+ Ke7 46. Ba4 Rd8 47. f5 exf5 48. gxf5 h5 49. Kd4 g4 50. hxg4 hxg4 51. Ke3 f6 52. e6 Kd6 53. Rxd7+ 1-0

[Event "GER-ch U16 Girls"]
[Site "Willingen"]
[Date "2016.05.15"]
[Round "2"]
[White "Weiten, Anna"]
[Black "Schilay, Eva"]
[Result "0-1"]
[WhiteElo "1415"]
[BlackElo "1599"]
[PlyCount "48"]
[EventDate "2016.05.15"]
[EventType "swiss"]
[EventRounds "9"]
[EventCountry "GER"]
[SourceTitle "CBM 172 Extra"]
[Source "ChessBase"]
[SourceDate "2016.06.21"]
[SourceVersion "1"]
[SourceVersionDate "2016.06.21"]
[SourceQuality "1"]

1. e4 d5 2. exd5 Qxd5 3. Nc3 Qd6 4. Bc4 Nf6 5. d3 a6 6. Nge2 b5 7. Bb3 g6 8. f3 Qb6 9. Bf4 e6 10. Qd2 Bc5 11. 0-0-0 a5 12. a4 c6 13. d4 Bb4 14. Qd3 Ba6 15. Qd2 0-0 16. Be3 Nd5 17. h4 Nd7 18. g4 Rab8 19. h5 bxa4 20. Bxd5 cxd5 21. Qe1 Rfc8 22. Bd2 a3 23. b3 Qc6 24. Kb1 Bxe2 0-1

[Event "GER-ch U25 op-B"]
[Site "Oberhof"]
[Date "2013.05.22"]
[Round "6"]
[White "Weiten, Anna"]
[Black "Breitzmann, Malte"]
[Result "1-0"]
[WhiteElo "1143"]
[BlackElo "886"]
[PlyCount "101"]
[EventDate "2013.05.19"]
[EventType "swiss"]
[EventRounds "9"]
[EventCountry "GER"]
[SourceTitle "CBM 154 Extra"]
[Source "ChessBase"]
[SourceDate "2013.06.25"]
[SourceVersion "2"]
[SourceVersionDate "2013.06.25"]
[SourceQuality "1"]

1. e4 e5 2. Nf3 Nc6 3. Nc3 Nf6 4. d4 exd4 5. Nxd4 Bc5 6. Be3 Bxd4 7. Bxd4 d6 8. Bc4 Be6 9. Bb3 0-0 10. 0-0 Bxb3 11. axb3 Qe7 12. Re1 Nxd4 13. Qxd4 c5 14. Qd3 a6 15. Rad1 Rad8 16. Qf3 Qe5 17. h3 Rfe8 18. Qe3 b5 19. f4 Qe6 20. Qf2 Rd7 21. Qf3 b4 22. Na4 Nxe4 23. Rd3 f5 24. Rde3 d5 25. Nxc5 Nd2 26. Nxe6 Nxf3+ 27. gxf3 Rde7 28. Kf2 Kf7 29. Ng5+ Kf6 30. Nxh7+ Kf7 31. Ng5+ Kf6 32. h4 Rxe3 33. Rxe3 Rxe3 34. Kxe3 g6 35. Kd4 Kg7 36. Kxd5 Kh6 37. c4 bxc3 38. bxc3 Kh5 39. c4 Kxh4 40. Ne6 Kg3 41. c5 Kxf3 42. c6 a5 43. c7 a4 44. bxa4 Kg4 45. c8Q Kf3 46. Qc3+ Kg4 47. Ke5 Kh4 48. Kf6 Kg4 49. Kxg6 Kh4 50. Kxf5 Kh5 51. Qh3# 1-0

[Event "GER-ch U25 op-B"]
[Site "Oberhof"]
[Date "2012.06.01"]
[Round "8"]
[White "Giede, Anna Blume"]
[Black "Weiten, Anna"]
[Result "1-0"]
[WhiteElo "1250"]
[BlackElo "1008"]
[PlyCount "97"]
[EventDate "2012.05.27"]
[EventType "swiss"]
[EventRounds "9"]
[EventCountry "GER"]
[SourceTitle "CBM 148 Extra"]
[Source "ChessBase"]
[SourceDate "2012.06.22"]
[SourceVersion "1"]
[SourceVersionDate "2012.06.22"]
[SourceQuality "1"]

1. e4 e5 2. Nf3 Nc6 3. Bb5 Nd4 4. Nxd4 exd4 5. 0-0 c6 6. Bc4 d5 7. exd5 cxd5 8. Bb5+ Bd7 9. Re1+ Be7 10. c4 dxc4 11. Bxc4 Nf6 12. h3 0-0 13. d3 Rc8 14. Bg5 h6 15. Bh4 b5 16. Bb3 a5 17. a4 bxa4 18. Bxa4 Nd5 19. Bxe7 Nxe7 20. Bxd7 Qxd7 21. Rxa5 Rfe8 22. Nd2 Nc6 23. Rxe8+ Rxe8 24. Ra4 Ne5 25. Ra3 Qb5 26. Rb3 Qa6 27. Ra3 Qg6 28. Nc4 Qf5 29. Nd6 Qd7 30. Nxe8 Qxe8 31. Qe2 Qb5 32. Qe4 Nd7 33. Ra8+ Nf8 34. Qe8 Qxe8 35. Rxe8 g5 36. b4 Kg7 37. b5 Nd7 38. Re1 f5 39. Rb1 h5 40. b6 Nb8 41. b7 g4 42. h4 Kf6 43. Rc1 Ke5 44. Rc8 Na6 45. b8Q+ Nxb8 46. Rxb8 f4 47. g3 Kf5 48. Rf8+ Ke5 49. gxf4+ 1-0

[Event "GER-ch U25 op-B"]
[Site "Oberhof"]
[Date "2012.05.31"]
[Round "7"]
[White "Weiten, Anna"]
[Black "Haeusler, Luis"]
[Result "0-1"]
[WhiteElo "1008"]
[BlackElo "1124"]
[PlyCount "130"]
[EventDate "2012.05.27"]
[EventType "swiss"]
[EventRounds "9"]
[EventCountry "GER"]
[SourceTitle "CBM 148 Extra"]
[Source "ChessBase"]
[SourceDate "2012.06.22"]
[SourceVersion "1"]
[SourceVersionDate "2012.06.22"]
[SourceQuality "1"]

1. e4 c5 2. Nf3 Nc6 3. c3 g6 4. Bd3 Bg7 5. 0-0 Nf6 6. h3 0-0 7. Bc2 d6 8. d3 Bd7 9. Be3 Qa5 10. Nbd2 Rfc8 11. a3 Qc7 12. d4 cxd4 13. cxd4 Na5 14. Rc1 Bb5 15. Re1 Nc4 16. Nxc4 Qxc4 17. Nh2 Qe6 18. Bg5 h6 19. Bh4 Qd7 20. f4 Qc7 21. a4 Bd7 22. Bd3 Qb6 23. Bc2 Qxb2 24. e5 Nd5 25. Be4 Rxc1 26. Qxc1 Qxc1 27. Rxc1 Nxf4 28. Re1 g5 29. Bg3 Ne6 30. d5 Nc5 31. Bc2 Bxa4 32. Bxa4 Nxa4 33. exd6 exd6 34. Bxd6 Rd8 35. Bb4 Rxd5 36. Re8+ Kh7 37. Re7 Rb5 38. Bd6 Kg6 39. Ng4 Bd4+ 40. Kf1 Rb1+ 41. Ke2 Bc3 42. Ne5+ Bxe5 43. Rxe5 b5 44. Re4 Nc3+ 45. Kd3 Nxe4 46. Kxe4 Re1+ 47. Kd4 Rd1+ 48. Kc5 Rxd6 49. Kxd6 b4 50. g3 b3 51. h4 gxh4 52. gxh4 Kh5 53. Kd5 b2 54. Kd4 b1Q 55. Ke5 Qd3 56. Kf4 Qe2 57. Kf5 Qc4 58. Ke5 Qd3 59. Kf4 a5 60. Ke5 a4 61. Kf4 a3 62. Ke5 a2 63. Kf4 a1R 64. Ke5 Re1+ 65. Kf6 Qg6# 0-1

[Event "GER-ch U25 op-B"]
[Site "Oberhof"]
[Date "2012.05.28"]
[Round "3"]
[White "Weiten, Anna"]
[Black "Focke, Adrian"]
[Result "0-1"]
[WhiteElo "1008"]
[BlackElo "1312"]
[PlyCount "50"]
[EventDate "2012.05.27"]
[EventType "swiss"]
[EventRounds "9"]
[EventCountry "GER"]
[SourceTitle "CBM 148 Extra"]
[Source "ChessBase"]
[SourceDate "2012.06.22"]
[SourceVersion "1"]
[SourceVersionDate "2012.06.22"]
[SourceQuality "1"]

1. e4 e5 2. Nf3 Nc6 3. Nc3 Nf6 4. d4 exd4 5. Nxd4 Bc5 6. Be3 Bb6 7. Bc4 0-0 8. 0-0 Re8 9. Nxc6 bxc6 10. Bd3 Bxe3 11. fxe3 d6 12. Qf3 Bd7 13. Rad1 Bg4 14. Qg3 Bxd1 15. Rxd1 Qd7 16. Rf1 Qg4 17. Qxg4 Nxg4 18. Re1 Rab8 19. b3 Rbd8 20. a3 d5 21. exd5 cxd5 22. e4 dxe4 23. Nxe4 f5 24. Bc4+ Kh8 25. h3 Nh6 0-1

[Event "GER-ch U12"]
[Site "Oberhof"]
[Date "2011.06.17"]
[Round "10"]
[White "Weiten, Anna"]
[Black "Uffrecht, Luise"]
[Result "0-1"]
[WhiteElo "872"]
[BlackElo "958"]
[PlyCount "150"]
[EventDate "2011.06.11"]
[EventType "swiss"]
[EventRounds "11"]
[EventCountry "GER"]
[SourceTitle "CBM 142 Extra"]
[Source "ChessBase"]
[SourceDate "2011.06.27"]
[SourceVersion "1"]
[SourceVersionDate "2011.06.27"]
[SourceQuality "1"]

1. e4 e5 2. Nf3 Nc6 3. Bc4 Bc5 4. Nc3 Nf6 5. d3 d6 6. Bg5 h6 7. Bxf6 Qxf6 8. h3 Be6 9. Nd5 Qd8 10. Qe2 a6 11. a3 0-0 12. 0-0-0 b5 13. Bb3 b4 14. axb4 Nxb4 15. Bc4 Nxd5 16. Bxd5 Bxd5 17. exd5 a5 18. d4 exd4 19. Nxd4 Bxd4 20. Rxd4 Re8 21. Qf3 Qd7 22. Qg4 Qxg4 23. Rxg4 Re5 24. Rd1 a4 25. Rg3 Ra5 26. Rgd3 Rf5 27. f3 Re5 28. f4 Re2 29. R1d2 Rxd2 30. Kxd2 Rc5 31. g4 f6 32. h4 Kf7 33. Ke3 Rxc2 34. Rd2 Rxd2 35. Kxd2 g6 36. Kc3 Ke7 37. Kb4 Kd7 38. Kxa4 Kc8 39. g5 fxg5 40. hxg5 hxg5 41. fxg5 Kb7 42. Kb5 Kb8 43. Kc6 Kc8 44. b4 Kb8 45. b5 Kc8 46. b6 cxb6 47. Kxb6 Kd7 48. Kb5 Kc7 49. Kc4 Kb6 50. Kd4 Kb5 51. Ke4 Kc4 52. Ke3 Kxd5 53. Kd3 Ke5 54. Ke3 Kf5 55. Kd4 Kxg5 56. Kd5 Kf4 57. Kxd6 Kf3 58. Ke6 g5 59. Kf5 g4 60. Kg5 g3 61. Kh4 g2 62. Kg5 g1Q+ 63. Kf5 Qg4+ 64. Ke5 Qe4+ 65. Kd6 Qf5 66. Kc6 Ke4 67. Kb6 Kd4 68. Ka6 Kc4 69. Kb6 Qb5+ 70. Kc7 Qa6 71. Kd7 Kd5 72. Ke7 Qe6+ 73. Kd8 Qf7 74. Kc8 Kc6 75. Kb8 Qb7# 0-1

[Event "GER-ch U12"]
[Site "Oberhof"]
[Date "2011.06.14"]
[Round "6"]
[White "Moeller, Hannah Sophie"]
[Black "Weiten, Anna"]
[Result "1-0"]
[WhiteElo "1204"]
[BlackElo "872"]
[PlyCount "55"]
[EventDate "2011.06.11"]
[EventType "swiss"]
[EventRounds "11"]
[EventCountry "GER"]
[SourceTitle "CBM 142 Extra"]
[Source "ChessBase"]
[SourceDate "2011.06.27"]
[SourceVersion "1"]
[SourceVersionDate "2011.06.27"]
[SourceQuality "1"]

1. e4 e5 2. Nf3 Nc6 3. Bc4 Nf6 4. d3 Bc5 5. Nc3 d6 6. Be3 Bxe3 7. fxe3 Bg4 8. h3 Bxf3 9. Qxf3 0-0 10. Rf1 Qe7 11. g4 Rad8 12. g5 Nd7 13. Qh5 Nb6 14. Bb3 Na5 15. Nd5 Nxd5 16. Bxd5 c6 17. Bb3 Nxb3 18. axb3 b5 19. Qg4 d5 20. h4 Rd6 21. h5 h6 22. gxh6 Rxh6 23. Kd2 Ra8 24. Rg1 f6 25. Rg2 Rh7 26. Rag1 Kf8 27. h6 gxh6 28. Qg8# 1-0